Statistics for Former Countries of the Achaemenid Empire

Click here to take the quiz!

General Stats

  • This quiz has been taken 22 times
  • The average score is 4 of 5

Answer Stats

Country% Correct
Iran
100%
Afghanistan
81%
Pakistan
81%
Turkey
76%
Egypt
48%

Score Distribution

Percentile by Number Answered

Percent of People with Each Score

Your Score History

You have not taken this quiz